Online
Catalog
Normal view MARC view

Entry Nombre personal

Number of records used in: 14

001 - NÚMERO DE CONTROL

  • campo de control: 43869

003 - IDENTIFICADOR DEL NÚMERO DE CONTROL

  • campo de control: BNPHU

005 - FECHA Y HORA DE LA ÚLTIMA TRANSACCIÓN

  • campo de control: 20240322191157.0

008 - DATOS DE LONGITUD FIJA

  • campo de control de longitud fija: 200615|| aca||aabn | a|a d

010 ## - NÚMERO DE CONTROL DE LA BIBLIOTECA DEL CONGRESO

  • Número de control de LC: n 87929153

040 ## - FUENTE DE LA CATALOGACIÓN

  • Centro catalogador/agencia de origen: Sd-BNP
  • Lengua de catalogación: spa
  • Centro/agencia transcriptor: BNPHU
  • Normas de descripción: rda

100 1# - ENCABEZAMIENTO-NOMBRE DE PERSONA

  • Nombre de persona: Espinal, Rosario
  • Fechas asociadas al nombre: 1955-

370 ## - LUGAR ASOCIADO

  • Lugar de nacimiento: Santiago de los Caballeros, República Dominicana

374 ## - OCUPACIÓN

  • Ocupación: Ensayista,
  • Ocupación: Socióloga
  • Ocupación: Educadora
  • Ocupación: Analista política dominicana,

400 1# - TRAZADO DE VÉASE--NOMBRE DE PERSONA

  • Nombre de persona: Espinal, R.
  • Fechas asociadas al nombre: 1955-

670 ## - FUENTE DE DATOS ENCONTRADOS

  • Cita de la fuente: Work cat.: (OSt)20444: Oviedo, José 2671, Democracia y proyecto socialdemócrata en República Dominicana /, 1986.

670 ## - FUENTE DE DATOS ENCONTRADOS

  • Identificador Uniforme del Recurso: https://www.mcnbiografias.com/app-bio/do/show?key=espinal-rosario Consultado en : 22/03/2024

Powered by Koha